=LDR 00000nam 2200000 4500 =001 INLIS000000000014606 =005 20130612105902 =008 ***********************************ind** =035 ##$$0010-061300000014606 =041 ##$$a ind =082 ##$$a 650 =090 ##$$a 650, sco s =100 ##$$a Scott, Dafid L =245 ##$$a 101 Cara menambah penghasilan anda, Dafid Scott; disadur ileh, dean party R =260 ##$$a 1996 $b Emarang =300 ##$$a v,109 Hlm, 20 cm =650 ##$$a Manajemen Pembelajaran =700 ##$$a prati R Dean =850 ##$$a NBPNMAT